000 00459nam a2200145 i 4500
001 142593
003 ES-MaACL
007 t|
008 071008s1944 sp ||||1| spa d
100 1 _aVillamediana, Juan de Tassis y Peralta, Conde de.
_9114996
245 1 0 _aPoesías de Juan de Tasis, conde de Villamediana /
_cedición de E. R. C.
260 _aMadrid :
_bEditora Nacional,
_c1944.
300 _a370 p. ;
_c22 cm.
852 _aES-MaACL
_jE-2136
_bR.23262
999 _c142593
_d142593